000
00300nam a2200133Ia 4500
082
_a
612.015
_b
M10S
100
_a
SOOD, RAMANIK
245
_a
MCQ IN MEDICAL LABORATORY TECHNOLOGY
250
_a
1ST
260
_b
JAYPEE
_a
DELHI
_c
2010
300
_a
1-211
650
_a
BIOCHEMISTRY
942
_2
ddc
_c
BK
_0
2
999
_c
1329
_d
1329